Hướng dẫn bài tập thủy lực
Trình bày các kiến thức cơ bản về thuỷ tĩnh học, cơ sở động học của chất lỏng, cơ sở động lực học chất lỏng, tổng tổn thất năng lượng trong dòng chảy, dòng chảy qua lỗ, vòi và dòng tia, dòng chảy ổn định trong ống có áp, dòng chảy ổn...
Đã lưu trong:
| 主要作者: | |
|---|---|
| 其他作者: | |
| 格式: | 圖書 |
| 語言: | Undetermined |
| 出版: |
H.
Xây dựng
2018
|
| 主題: | |
| 在線閱讀: | http://lrc.tdmu.edu.vn/opac/search/detail.asp?aID=2&ID=35111 |
| 標簽: |
添加標簽
沒有標簽, 成為第一個標記此記錄!
|
| Thư viện lưu trữ: | Trung tâm Học liệu Trường Đại học Thủ Dầu Một |
|---|
| LEADER | 01082nam a2200217Ia 4500 | ||
|---|---|---|---|
| 001 | TDMU_35111 | ||
| 008 | 210410s9999 xx 000 0 und d | ||
| 082 | |a 627.1 | ||
| 090 | |b NG527 | ||
| 100 | |a Nguyễn, Minh Ngọc | ||
| 245 | 0 | |a Hướng dẫn bài tập thủy lực | |
| 245 | 0 | |c Nguyễn Minh Ngọc, Hoàng Mạnh Hà | |
| 260 | |a H. | ||
| 260 | |b Xây dựng | ||
| 260 | |c 2018 | ||
| 300 | |a 276tr. | ||
| 520 | |a Trình bày các kiến thức cơ bản về thuỷ tĩnh học, cơ sở động học của chất lỏng, cơ sở động lực học chất lỏng, tổng tổn thất năng lượng trong dòng chảy, dòng chảy qua lỗ, vòi và dòng tia, dòng chảy ổn định trong ống có áp, dòng chảy ổn định đều không áp... | ||
| 650 | |a Thủy lực học |v Bài tập | ||
| 700 | |a Hoàng, Mạnh Hà | ||
| 856 | |u http://lrc.tdmu.edu.vn/opac/search/detail.asp?aID=2&ID=35111 | ||
| 980 | |a Trung tâm Học liệu Trường Đại học Thủ Dầu Một | ||